000 00485nam a2200193Ia 4500
005 20250508154633.0
008 008 250505s9999 xx 000 0 eng d
037 _aTextual
040 _aFEDL
_beng
_cFEDL
041 _aeng
_2eng
084 _a371.425, SUP
_qFEDL
100 _aSuper Donald E
245 0 _aAppraising Vocational Fitness
260 _c1962
300 _axv,688p.
365 _b23.7
942 _cTEXL
_h371.425, SUP
999 _c1351350
_d1351350